Becoming a farmer: Women in rural West Bengal, India (Record no. 394695)

MARC details
000 -LEADER
fixed length control field 00624 a2200229 4500
005 - DATE & TIME
control field 20260414112223.0
008 - FIXED-LENGTH DATA ELEMENTS--GENERAL INFORMATION
fixed length control field 260413b |||||||| |||| 00| 0 eng d
020 ## - ISBN
International Standard Book Number 9789354426049
Price Rs. 925.00
040 ## - CATALOGING SOURCE
Original cataloging agency VIVEKANANDA LIBRARY
082 ## - DDC NUMBER
Classification number 305.409554
Book Number M896B
100 ## - MAIN ENTRY--PERSONAL NAME
Personal name Mukhopadhyay, Raktima
245 ## - TITLE STATEMENT
Title Becoming a farmer: Women in rural West Bengal, India
260 ## - PUBLICATION, DISTRIBUTION, ETC. (IMPRINT)
Name of publisher, distributor, etc Orient BlackSwan
Date of publication, distribution, etc 2023
Place of publication, distribution, etc Hyderabad
300 ## - PHYSICAL DESCRIPTION
Pages xviii, 230
650 ## - Subject
Subject Sociology
650 ## - Subject
Subject Social Groups
650 ## - Subject
Subject Women
650 ## - Subject
Subject India- West Bengal
700 ## - Added Entry Personal Name
Added Entry Personal Name Pattnaik, Itishree
700 ## - Added Entry Personal Name
Added Entry Personal Name Dutt, Kuntala Lahiri
942 ## - ADDED ENTRY ELEMENTS (KOHA)
Koha item type Books
Holdings
Withdrawn status Lost status Source of classification or shelving scheme Damaged status Not for loan Location (home branch) Sublocation or collection (holding branch) Shelving location Date acquired Koha issues (times borrowed) Koha full call number Accession No. Koha date last seen Koha item type
    Dewey Decimal Classification     VIVEKANANDA LIBRARY VIVEKANANDA LIBRARY Vivekananda Library 05/03/2026   305.409554 M896B 438632 05/03/2026 Books
© Designed and Maintained by Vivekananda Library, MDU Rohtak